Atlas visuales de los animales / (Registro nro. 11534)
[ vista simple ]
| 000 -LEADER | |
|---|---|
| fixed length control field | 00889nam a22002657a 4500 |
| 001 - CONTROL NUMBER | |
| control field | 000546 |
| 003 - CONTROL NUMBER IDENTIFIER | |
| control field | DO-SdBNP |
| 005 - DATE AND TIME OF LATEST TRANSACTION | |
| control field | 20220527094425.0 |
| 007 - PHYSICAL DESCRIPTION FIXED FIELD--GENERAL INFORMATION | |
| fixed length control field | 000546 |
| 008 - FIXED-LENGTH DATA ELEMENTS--GENERAL INFORMATION | |
| fixed length control field | 161011b 1994 sp a |||||| 00| 0 spa d |
| 040 ## - CATALOGING SOURCE | |
| Original cataloging agency | BPMSU |
| Language of cataloging | spa |
| Transcribing agency | BPMSU |
| 082 ## - DEWEY DECIMAL CLASSIFICATION NUMBER | |
| Classification number | R591.5 |
| Item number | T238a 1994 |
| Edition number | 22 |
| 100 1# - MAIN ENTRY--PERSONAL NAME | |
| Personal name | Taylor, Barbara |
| 245 00 - TITLE STATEMENT | |
| Title | Atlas visuales de los animales / |
| Remainder of title | |
| Statement of responsibility, etc. | Barbara Taylor ; ilustración Kenneth Lilly ; traducción Juan Santisteban ; revisión científica Ángel Moreno. |
| 246 0# - VARYING FORM OF TITLE | |
| Title proper/short title | Los grandes atlas visuales |
| 260 ## - PUBLICATION, DISTRIBUTION, ETC. (IMPRINT) | |
| Place of publication, distribution, etc. | Barcelona : |
| Name of publisher, distributor, etc. | El Periódico, |
| Date of publication, distribution, etc. | 1994 |
| 300 ## - PHYSICAL DESCRIPTION | |
| Extent | v.: |
| Other physical details | il. ; mapas ; |
| Dimensions | 36 cm. |
| 650 #4 - SUBJECT ADDED ENTRY--TOPICAL TERM | |
| Topical term or geographic name as entry element | Animales |
| Form subdivision | Atlas. |
| General subdivision | |
| 650 #4 - SUBJECT ADDED ENTRY--TOPICAL TERM | |
| Topical term or geographic name as entry element | Conducta animal |
| Form subdivision | Literatura juvenil. |
| General subdivision | |
| 650 #4 - SUBJECT ADDED ENTRY--TOPICAL TERM | |
| Topical term or geographic name as entry element | Atlas ilustrado. |
| 700 1# - ADDED ENTRY--PERSONAL NAME | |
| Personal name | Lilly, Kenneth |
| 700 1# - ADDED ENTRY--PERSONAL NAME | |
| Personal name | Santisteban, Juan, |
| Relator term | traductor |
| 700 1# - ADDED ENTRY--PERSONAL NAME | |
| Personal name | Moreno, Ángel, |
| Relator term | revisión |
| 942 ## - ADDED ENTRY ELEMENTS (KOHA) | |
| Source of classification or shelving scheme | Dewey Decimal Classification |
| Koha item type | Libros |
| Withdrawn status | Lost status | Source of classification or shelving scheme | Damaged status | Not for loan | Collection code | Home library | Current library | Date acquired | Source of acquisition | Full call number | Barcode | Date last seen | Price effective from | Koha item type |
|---|---|---|---|---|---|---|---|---|---|---|---|---|---|---|
| Dewey Decimal Classification | Colección de Referencia General | Biblioteca Pública Metropolitana Salomé Ureña | Biblioteca Pública Metropolitana Salomé Ureña | 05/27/2022 | FUNDI | BPMSU CGR R591.5 T238a 1994 | BPMSU22050078 | 05/27/2022 | 05/27/2022 | Libros |